| 000 | 00675cam a22001457a 4500 | ||
|---|---|---|---|
| 008 | 180718b1971 xxu||||| |||| 00| 0 eng d | ||
| 082 | _aK18x8 T312 | ||
| 245 |
_aRole expectations of Latin American bureaucrats: hypothesis and data _cby University of Texas. Inst of Latin American Studies |
||
| 260 |
_aAustin _bInstitute of Latin American Studies , Univ of Taxas _c1971 |
||
| 300 | _a47p. | ||
| 440 | _aLADAC Occasional Paper series No.3 | ||
| 500 | _aPresented at the National Conferenc on comparative Administration held at Hotel Syracuse, Syracuse,N.Y., Apr.1971 | ||
| 650 | _aBureaucracy - Latin America | ||
| 700 | _aTexas University. Institute of Latin American Studies | ||
| 999 |
_c477656 _d477656 |
||